[Event "DVM U16 2008"]
[Site "Bingen GER"]
[Date "2008.12.29"]
[Round "6"]
[White "Stephan, Nikita"]
[Black "Rafayevych, Vilen"]
[Result "0-1"]
[Termination "normal"]
[Board "9.2"]
[WhiteElo "1602"]
[BlackElo "1979"]
[WhiteTeam "Schachklub Gau-Algesheim"]
[BlackTeam "SG Aufbau Elbe Magdeburg"]
[PlyCount "112"]
[WhiteFideId "1270614"]
[BlackFideId "24673897"]
[EventCountry "GER"]
[EventRounds "7"]
[EventType "team-swiss"]
[EventDate "2008.12.26"]

1. e4 Nf6 2. e5 Nd5 3. d4 d6 4. Nf3 g6 5. Bc4 Nb6 6. Bb3 Bg7 7. O-O O-O 8. Bg5
Nc6 9. exd6 cxd6 10. c3 h6 11. Bh4 Bf5 12. Nbd2 g5 13. Bg3 d5 14. Re1 Bh7 15.
h4 gxh4 16. Bxh4 Rc8 17. Bc2 Bxc2 18. Qxc2 Re8 19. Qf5 Qd7 20. Qxd7 Nxd7 21.
Nf1 Nf8 22. Ne3 e6 23. Ng4 Ne7 24. Nf6+ Bxf6 25. Bxf6 Nf5 26. Be5 b5 27. g4 Ne7
28. Kg2 Nd7 29. Rh1 Nxe5 30. Nxe5 Kg7 31. f4 f6 32. Nd3 f5 33. gxf5 Nxf5 34.
Nc5 Kf6 35. Kf3 Rc7 36. Nd3 Rg7 37. Rag1 Reg8 38. Kf2 Rxg1 39. Rxg1 Rxg1 40.
Kxg1 Nh4 41. Kf2 Kf5 42. Kg3 Ng6 43. Kf3 h5 44. Kg3 h4+ 45. Kh3 Nxf4+ 46. Nxf4
Kxf4 47. Kxh4 e5 48. dxe5 Kxe5 49. Kg3 Ke4 50. Kf2 Kd3 51. Kf3 a5 52. Kf2 a4
53. a3 Kc2 54. Ke3 Kxb2 55. Kd2 Kxa3 56. Kc2 b4 0-1

[Event "DVM U16 2008"]
[Site "Bingen GER"]
[Date "2008.12.29"]
[Round "6"]
[White "Schiffner, Alexander"]
[Black "Michel, Pascal"]
[Result "1/2-1/2"]
[Termination "normal"]
[Board "9.3"]
[WhiteElo "1689"]
[BlackElo "1390"]
[WhiteTeam "SG Aufbau Elbe Magdeburg"]
[BlackTeam "Schachklub Gau-Algesheim"]
[PlyCount "108"]
[EventCountry "GER"]
[EventRounds "7"]
[EventType "team-swiss"]
[EventDate "2008.12.26"]

1. e4 e6 2. d4 d5 3. e5 c5 4. c3 Nc6 5. Nf3 Qb6 6. Be2 Nge7 7. Na3 Nf5 8. Nc2
cxd4 9. cxd4 Bd7 10. O-O Rc8 11. a3 Na5 12. b4 Nc4 13. Bxc4 dxc4 14. Ne3 Nxe3
15. Bxe3 Qc6 16. Qc2 Be7 17. Qc3 b5 18. Rfc1 Qc7 19. Qe1 Bc6 20. Ng5 Qd8 21.
Nh3 Be4 22. Rc3 Bf5 23. Nf4 Bg5 24. Nh5 Bxe3 25. Nxg7+ Kf8 26. Nxf5 Bxf2+ 27.
Qxf2 exf5 28. Rd1 Qd5 29. Qxf5 29... Re8 {(=)} 30. Rf3 Rg8 31. Rd2 Rg7 32. Kh1
Qe6 33. Qe4 Qg6 34. Qe2 Qe6 35. h3 Rg6 36. Qe4 Kg8 37. Qf5 Qxf5 38. Rxf5 Rg3
39. e6 Rxe6 40. Rxb5 Rd3 41. Rc2 Rc6 42. Rc5 Rd6 43. R2xc4 Rxa3 44. Rg5+ Rg6
45. Rxg6+ hxg6 46. b5 Rb3 47. Rc5 Kf8 48. Kg1 Ke7 49. Kf2 Kd6 50. Ke2 Rb2+ 51.
Kf3 Rd2 52. Rc6+ Kd7 53. Rc4 Kd6 54. g3 54... Rd3+ {(=)} 1/2-1/2

[Event "DVM U16 2008"]
[Site "Bingen GER"]
[Date "2008.12.29"]
[Round "6"]
[White "Gellert, Helena"]
[Black "Tarouchkin, Alexander"]
[Result "1-0"]
[Termination "normal"]
[Board "9.4"]
[WhiteElo "1030"]
[BlackElo "1180"]
[WhiteTeam "Schachklub Gau-Algesheim"]
[BlackTeam "SG Aufbau Elbe Magdeburg"]
[PlyCount "77"]
[EventCountry "GER"]
[EventRounds "7"]
[EventType "team-swiss"]
[EventDate "2008.12.26"]

1. d4 d5 2. Nf3 Nf6 3. Bf4 Nc6 4. e3 Bg4 5. c4 e6 6. Nc3 Bd6 7. Bxd6 Qxd6 8. c5
Qe7 9. h3 Bh5 10. Be2 O-O 11. a3 Bxf3 12. Bxf3 Rfd8 13. O-O e5 14. b4 e4 15.
Be2 Ne8 16. Qa4 Nb8 17. b5 c6 18. Qb3 f5 19. Rab1 Qd7 20. f3 a6 21. b6 Nf6 22.
fxe4 fxe4 23. Nd1 g6 24. Rxf6 Qe7 25. Rf1 Nd7 26. Nf2 h5 27. Nh1 Nf6 28. Rf4
Qe6 29. Rbf1 Rf8 30. Qd1 Kg7 31. Qe1 g5 32. Qg3 Kh6 33. Rf5 Nh7 34. Rxf8 Rxf8
35. Rxf8 Nxf8 36. Qb8 Qe7 37. Qc7 Ng6 38. Ng3 g4 39. Nf5+ 1-0

[Event "DVM U16 2008"]
[Site "Bingen GER"]
[Date "2008.12.29"]
[Round "6"]
[White "Lüßmann, Thomas"]
[Black "von Schwerin, Clemens"]
[Result "1/2-1/2"]
[Termination "normal"]
[Board "10.1"]
[WhiteElo "1765"]
[BlackElo "1906"]
[WhiteTeam "SK Gräfelfing"]
[BlackTeam "SV Jedesheim"]
[PlyCount "73"]
[WhiteFideId "1270602"]
[BlackFideId "4613228"]
[EventCountry "GER"]
[EventRounds "7"]
[EventType "team-swiss"]
[EventDate "2008.12.26"]

1. d4 Nf6 2. c4 c5 3. d5 b5 4. cxb5 a6 5. e3 axb5 6. Bxb5 Ba6 7. Bxa6 Nxa6 8.
Nc3 g6 9. Nge2 d6 10. O-O Bg7 11. e4 O-O 12. f4 Nd7 13. Be3 Qa5 14. Qd2 Rfd8
15. f5 Ne5 16. Bh6 Qb6 17. fxg6 hxg6 18. Bxg7 Kxg7 19. Na4 Qb4 20. Nec3 Qd4+
21. Qf2 Nb4 22. b3 Rh8 23. Rad1 Qxf2+ 24. Rxf2 Ng4 25. Rf4 Nxh2 26. Rd2 g5 27.
Rf5 f6 28. e5 Kg6 29. exd6 exd6 30. Rff2 Ng4 31. Rfe2 Ne5 32. Ne4 Rad8 33. Nb6
f5 34. Nc3 Rh7 35. Nc4 Kf6 36. Nb5 Rdh8 37. Nb2 1/2-1/2

[Event "DVM U16 2008"]
[Site "Bingen GER"]
[Date "2008.12.29"]
[Round "6"]
[White "Lerch, Matthias"]
[Black "Decher, Paul"]
[Result "1/2-1/2"]
[Termination "normal"]
[Board "10.2"]
[WhiteElo "1763"]
[BlackElo "1693"]
[WhiteTeam "SV Jedesheim"]
[BlackTeam "SK Gräfelfing"]
[PlyCount "67"]
[WhiteFideId "24662151"]
[BlackFideId "1270603"]
[EventCountry "GER"]
[EventRounds "7"]
[EventType "team-swiss"]
[EventDate "2008.12.26"]

1. e4 e5 2. Nf3 Nf6 3. Nc3 Nc6 4. Bb5 Bc5 5. Nxe5 Bxf2+ 6. Kxf2 Nxe5 7. Rf1 O-O
8. d4 Ng6 9. Kg1 h6 10. Bc4 d6 11. Qf3 Be6 12. Bxe6 fxe6 13. Qg3 Kh7 14. Be3 e5
15. d5 Qd7 16. Rf5 Ne7 17. Rf3 Ng4 18. Raf1 Rxf3 19. Qxf3 Nxe3 20. Qxe3 Ng6 21.
g3 a6 22. Rf5 Rf8 23. Rxf8 Nxf8 24. Qf3 Kg8 25. Nd1 Qa4 26. Ne3 Qxa2 27. Nf5
Qb1+ 28. Kg2 Qxc2+ 29. Kh3 Ng6 30. Qg4 Kh7 31. Nxg7 Kxg7 32. Qd7+ Kf8 33. Qc8+
Kg7 34. Qd7+ 1/2-1/2

[Event "DVM U16 2008"]
[Site "Bingen GER"]
[Date "2008.12.29"]
[Round "6"]
[White "Bollmann, Laslo"]
[Black "Goda, Robert-Rene"]
[Result "1-0"]
[Termination "normal"]
[Board "10.3"]
[WhiteElo "1626"]
[BlackElo "1692"]
[WhiteTeam "SK Gräfelfing"]
[BlackTeam "SV Jedesheim"]
[PlyCount "90"]
[BlackFideId "4637968"]
[EventCountry "GER"]
[EventRounds "7"]
[EventType "team-swiss"]
[EventDate "2008.12.26"]

1. e4 g6 2. d4 Bg7 3. Be3 d6 4. Nc3 Nf6 5. Qd2 O-O 6. Nf3 Ng4 7. Bg5 h6 8. Bh4
c6 9. h3 Nf6 10. Bd3 Qc7 11. a4 Nbd7 12. O-O Re8 13. Rad1 e5 14. dxe5 Nxe5 15.
Nxe5 dxe5 16. Bxf6 Bxf6 17. Qxh6 Qe7 18. Bc4 Be6 19. Bxe6 Qxe6 20. Qe3 Bd8 21.
Qd3 Bb6 22. Qd7 Bd4 23. Qxe6 Rxe6 24. Rd3 Rf6 25. Nd1 Kg7 26. c3 Bc5 27. b4 Bd6
28. Ne3 Kf8 29. Rfd1 Ke7 30. Nc4 Rd8 31. Nxe5 Re6 32. Nc4 Bc7 33. Rxd8 Bxd8 34.
f3 Bc7 35. Kf2 Be5 36. Nxe5 Rxe5 37. Ke3 Re6 38. h4 f6 39. f4 f5 40. e5 b6 41.
Kf3 a6 42. g4 Ke8 43. Rd6 Rxd6 44. exd6 Kd7 45. gxf5 gxf5 1-0